Statistics for Villains from Superhero Movies

Click here to take the quiz!

General Stats

  • This quiz has been taken 646 times
  • The average score is 9 of 21

Answer Stats

HeroAnswer% Correct
BatmanThe Joker
98%
SpidermanGreen Goblin
79%
BatmanBane
77%
ThorLoki
77%
SpidermanVenom
69%
SpidermanSandman
66%
BatmanScarecrow
58%
SpidermanDoctor Octopus
52%
IronmanThe Mandarin
45%
IronmanWhiplash
42%
SpidermanLizard
41%
BatmanRa's Al Ghul
40%
WolverineMagneto
39%
BatmanTalia Al Ghul
23%
IronmanObadiah Stane
15%
IronmanJustin Hammer
13%
WolverineStryker
10%
IronmanKillian
8%
BatmanVictor Zsasz
3%
WolverinePatient-0
1%
IronmanTrevor Slattery
1%

Score Distribution

Percentile by Number Answered

Percent of People with Each Score

Your Score History

You have not taken this quiz